Normal view
MARC view
Entry Topical Term
001 - CONTROL NUMBER
- control field: 5729
003 - CONTROL NUMBER IDENTIFIER
- control field: OSt
005 - DATE AND TIME OF LATEST TRANSACTION
- control field: 20150915131650.0
008 - FIXED-LENGTH DATA ELEMENTS
- fixed length control field: 150915|| aca||aabn | a|a d
040 ## - CATALOGING SOURCE
- Original cataloging agency: OSt
- Transcribing agency: OSt
150 ## - HEADING--TOPICAL TERM
- Topical term or geographic name entry element: Gnecology
670 ## - SOURCE DATA FOUND
- Source citation: Work cat.: (OSt): Fritz, Marc A. 5728, Clinical Gynecologic Endocrinology and Infertility, 2011
